000 00768nam a2200253Ia 4500
003 OSt
005 20220926000852.0
006 a|||||r|||| 00| 0
007 ta
008 220923b |||||||| |||| 00| 0 eng d
037 _cGeneral Book
040 _aRTL
_cRTL
_beng
041 _2eng
_aeng
082 _aX:77.695.N9, N6
100 _aRay Vanita
_9303124
245 0 _aLandlocked countries
_b Constraints to development
260 _a New Delhi
_bJamia Milia India
_c1996
300 _a33p
_ccm.
490 _aJamia Millia Islamia Occasional Paper Series
500 _aAcademy of Third World Studies, 16.
650 _aEconomic Development
_917300
942 _hX:77.695.N9, N6
_cGB
_2CC
999 _c599933
_d599933